[Event "34th Chess Olympiad (women)"]
[Site "Istanbul"]
[Date "2000.11.09"]
[Round "12.11.3"]
[White "Ptacnikova, Lenka"]
[Black "Dekic, Biljana N"]
[WhiteElo "2232"]
[BlackElo "2104"]
[WhiteCountry "CZE"]
[BlackCountry "AUS"]
[Result "0-1"]

1. e4 c5 2. Nf3 d6 3. d4 cxd4 4. Nxd4 Nf6 5. Nc3 a6 6. Be2 e6 7. O-O Qc7 
8. f4 Be7 9. a4 Nc6 10. Be3 Bd7 11. Bf3 Rc8 12. Kh1 Na5 13. Nde2 Nc4 
14. Bc1 Qb6 15. Qd3 h5 16. b3 Na5 17. Be3 Qc7 18. Bg1 Nc6 19. Rad1 Nb4 
20. Qd2 Bc6 21. f5 e5 22. Be3 Ng4 23. Bxg4 hxg4 24. Nd5 Nxd5 25. exd5 Bd7 
26. c4 Bh4 27. g3 Bf6 28. Rc1 b6 29. Nc3 Rh5 30. Qd3 Ke7 31. Rf2 Rch8 
32. Qe4 Qc8 33. Rcf1 Qg8 34. Kg1 Qh7 35. Qg2 Bxf5 36. Bxb6 Bd3 37. Re1 Qg6 
38. a5 Bg5 39. c5 Rxh2 40. Rxe5+ Kf8 41. Qxh2 Rxh2 42. Rxh2 dxe5 43. Rh8+ Ke7 
44. Bd8+ Kd7 45. c6+ Kd6 46. c7 Be3+ 47. Kh2 Qf5 48. Nd1 Bg1+ 49. Kxg1 Qf1+ 
50. Kh2 Be4 51. Be7+ Kxe7 52. Re8+ Kf6 
0-1

[Event "34th Chess Olympiad (women)"]
[Site "Istanbul"]
[Date "2000.11.09"]
[Round "12.12.1"]
[White "Skripchenko-Lautier, Almira"]
[Black "Hagarova, Zuzana"]
[WhiteElo "2450"]
[BlackElo "2321"]
[WhiteCountry "MDA"]
[BlackCountry "SVK"]
[Result "1/2-1/2"]

1. e4 c5 2. Nf3 g6 3. h4 Bg7 4. h5 d5 5. exd5 Qxd5 6. Nc3 Qd8 7. Bc4 Nc6 
8. d3 Nh6 9. Bf4 f6 10. hxg6 hxg6 11. Qd2 Nf5 12. Rxh8+ Bxh8 13. O-O-O e5 
14. Be3 Ncd4 15. Rh1 Bg7 16. Nh4 g5 17. Nf3 Bd7 18. Qd1 Bc6 19. Nxd4 cxd4 
20. Qh5+ Kd7 21. Qg4 dxc3 22. Qxf5+ Kc7 23. Rh7 Qe7 24. Qg6 Rh8 25. Rxh8 cxb2+ 
26. Kxb2 Bxh8 27. f3 a6 28. Bb3 Bg7 29. Qh7 Bf8 30. Qg8 Qg7 31. Qc4 Qe7 
32. a4 Kb8 33. Bb6 Qa3+ 34. Kb1 Qd6 35. a5 Bb5 36. Qg8 Bc6 37. Kc1 Bd7 
38. Kd2 Bf5 39. Qf7 Qe7 40. Qd5 Qb4+ 41. Ke2 Qe7 42. Bd8 Qg7 43. d4 Bd7 
44. Qf7 g4 45. Qxg7 Bxg7 46. dxe5 fxe5 47. Bd5 Kc8 48. Bb6 Bf5 49. c4 Bf6 
50. fxg4 Bxg4+ 51. Kd3 Bh4 52. Bf3 Bxf3 53. gxf3 Kd7 
1/2-1/2

[Event "34th Chess Olympiad (women)"]
[Site "Istanbul"]
[Date "2000.11.09"]
[Round "12.12.3"]
[White "Susterman, Anja"]
[Black "Chorvatova, Elena"]
[WhiteElo "2223"]
[BlackElo "2077"]
[WhiteCountry "MDA"]
[BlackCountry "SVK"]
[Result "1/2-1/2"]

1. e4 c5 2. Nf3 g6 3. Bc4 Bg7 4. O-O Nc6 5. c3 d6 6. h3 Nf6 7. Re1 O-O 
8. Bb3 b5 9. d4 c4 10. Bc2 e5 11. dxe5 dxe5 12. Bg5 Qc7 13. Nbd2 Bb7 
14. Nf1 Rfd8 15. Qc1 Rd7 16. Ne3 Ne7 17. Bxf6 Bxf6 18. a4 a6 19. axb5 axb5 
20. Rxa8+ Bxa8 21. Ng4 Bg7 22. Qg5 Nc6 23. Nf6+ Bxf6 24. Qxf6 Qd8 
25. Qxd8+ Rxd8 26. Ra1 Bb7 27. Kf1 f6 28. Ke2 Kf7 29. Nd2 Ke7 30. Nf1 Ra8 
31. Rxa8 Bxa8 32. Nd2 Bb7 33. Ke3 Kd6 34. Bd1 Ba6 35. Be2 Bb7 36. b3 cxb3 
37. Nxb3 Ba6 38. g3 f5 39. Bd3 fxe4 40. Bxe4 Bc8 41. h4 Be6 42. Nd2 b4 
43. Bxc6 bxc3 44. Ne4+ Kxc6 45. Nxc3 Bf5 46. f3 h5 47. Nd1 Kd5 48. Nf2 Bc8 
49. Nd3 Bf5 50. Nf2 Bc8 51. Ne4 Bf5 52. Nc3+ Kc4 53. Ne2 Kd5 54. Ng1 Bc8 
55. Ne2 Bf5 56. Nc3+ Kc4 57. Ne4 Kd5 58. Nf2 
1/2-1/2

[Event "34th Chess Olympiad (women)"]
[Site "Istanbul"]
[Date "2000.11.09"]
[Round "12.13.2"]
[White "Ramseier, Jana S"]
[Black "Makropoulou, Marina"]
[WhiteElo "2156"]
[BlackElo "2284"]
[WhiteCountry "SUI"]
[BlackCountry "GRE"]
[Result "1-0"]

1. d4 d6 2. Nf3 Bg4 3. c3 c6 4. Nbd2 Nd7 5. e3 Qc7 6. Be2 e5 7. O-O Be7 
8. Re1 f5 9. dxe5 dxe5 10. e4 f4 11. a4 h5 12. b4 g5 13. Bc4 O-O-O 14. h3 Bxf3 
15. Qxf3 Ngf6 16. Qe2 g4 17. Be6 Kb8 18. Nc4 gxh3 19. gxh3 Ne8 20. Qf3 Bf6 
21. Ba3 Nf8 22. Bf5 Qf7 23. Na5 Ne6 24. Bxe6 Qxe6 25. b5 cxb5 26. Reb1 Nc7 
27. axb5 Rdg8+ 28. Kh2 Kc8 29. c4 Rg7 30. Rg1 Rxg1 31. Rb1 Re1 32. Rxe1 Qb6 
33. Rg1 Ne6 34. Nb3 Qxb5 35. Rc1 Rd8 36. Nc5 Ng5 37. Qxh5 Kb8 38. Qg4 Rh8 
39. Rc3 Nxh3 40. Rxh3 Rxh3+ 41. Qxh3 Kc7 42. Qd7+ Kb8 
1-0

[Event "34th Chess Olympiad (women)"]
[Site "Istanbul"]
[Date "2000.11.09"]
[Round "12.14.1"]
[White "Buervenich, Silvia"]
[Black "Misanovic, Vesna"]
[WhiteElo "2201"]
[BlackElo "2384"]
[WhiteCountry "SWE"]
[BlackCountry "BIH"]
[Result "0-1"]

1. e4 e5 2. Nf3 Nc6 3. Bb5 a6 4. Ba4 Nf6 5. O-O Bc5 6. d3 d6 7. a3 b5 
8. Bb3 Bg4 9. Bg5 h6 10. Bh4 g5 11. Bg3 Qe7 12. Nbd2 Kf8 13. c3 Bb6 14. Re1 Rd8 
15. Qc1 Nh5 16. Bd5 Nb8 17. a4 c6 18. Bb3 Nd7 19. axb5 axb5 20. d4 Nxg3 
21. hxg3 h5 22. Bd1 h4 23. gxh4 gxh4 24. Nxe5 Nxe5 25. dxe5 Bxd1 26. Qxd1 dxe5 
27. Qe2 h3 28. Nf1 hxg2 29. Ng3 Qh4 30. Kxg2 Qh3+ 31. Kf3 Rh6 32. Qf1 Rf6+ 
33. Ke2 Rxf2+ 34. Qxf2 Bxf2 35. Kxf2 Qh2+ 
0-1

[Event "34th Chess Olympiad (women)"]
[Site "Istanbul"]
[Date "2000.11.09"]
[Round "12.14.2"]
[White "Titova-Boric, Elena"]
[Black "Johansson, Victoria"]
[WhiteElo "2207"]
[BlackElo "2152"]
[WhiteCountry "BIH"]
[BlackCountry "SWE"]
[Result "1-0"]

1. f4 c5 2. Nf3 Nc6 3. g3 g6 4. Bg2 Bg7 5. e4 d6 6. O-O Nf6 7. d3 O-O 8. h3 Rb8 
9. a4 a6 10. Kh2 b5 11. axb5 axb5 12. Nc3 b4 13. Ne2 Na5 14. g4 c4 15. g5 Nd7 
16. d4 Qb6 17. Be3 Ba6 18. Rf2 c3 19. b3 Ra8 20. f5 Bb7 21. Ng3 d5 22. Nh4 dxe4 
23. Nxe4 Bd5 24. Qg4 Qc7+ 25. Qg3 Qc6 26. Nc5 Nxc5 27. dxc5 Bxg2 28. Qxg2 Be5+ 
29. Kg1 Qxg2+ 30. Kxg2 Nc6 31. Raf1 Ra2 32. fxg6 hxg6 33. Nxg6 Rd8 
34. Nxe5 Nxe5 35. Kg3 Kg7 36. h4 f6 37. gxf6+ exf6 38. c6 Nxc6 39. Rxf6 Ne5 
40. Re6 Nf7 41. Re7 Rf8 42. Bd4+ Kg8 43. Rf4 
1-0

[Event "34th Chess Olympiad (women)"]
[Site "Istanbul"]
[Date "2000.11.09"]
[Round "12.14.3"]
[White "Andersson, Christin"]
[Black "Dengler, Dijana"]
[WhiteElo "2096"]
[BlackElo "2120"]
[WhiteCountry "SWE"]
[BlackCountry "BIH"]
[Result "1-0"]

1. e4 c5 2. Nf3 d6 3. Be2 Nf6 4. Nc3 a6 5. O-O e6 6. d4 cxd4 7. Nxd4 Be7 
8. Be3 O-O 9. h3 Nbd7 10. f4 Nc5 11. e5 Nfe4 12. Nxe4 Nxe4 13. Bf3 Ng3 
14. Re1 dxe5 15. fxe5 Bh4 16. Bf2 Qg5 17. Qc1 Qe7 18. Qf4 Nf5 19. Bxh4 Nxh4 
20. Rad1 Rb8 21. Be4 Ng6 22. Bxg6 hxg6 23. Nf3 Qc5+ 24. Kh1 Qc7 25. Rd6 f6 
26. Red1 b5 27. exf6 gxf6 28. Qe4 Qf7 29. Nd4 e5 30. Nc6 Bf5 31. Qe2 Rbc8 
32. g4 Rxc6 33. Rxc6 Bc8 34. Rcd6 Qxa2 35. Qd3 Qf7 36. Rd8 Bb7+ 37. Kh2 Qc7 
38. Qxg6+ Qg7 39. Qxg7+ Kxg7 40. R1d7+ 
1-0

[Event "34th Chess Olympiad (women)"]
[Site "Istanbul"]
[Date "2000.11.09"]
[Round "12.15.1"]
[White "Babaeva, Fanara"]
[Black "Fierro, Martha"]
[WhiteElo "2257"]
[BlackElo "2338"]
[WhiteCountry "AZE"]
[BlackCountry "ECU"]
[Result "1/2-1/2"]

1. e4 d5 2. exd5 Qxd5 3. Nc3 Qa5 4. d4 c6 5. Nf3 Nf6 6. Bc4 Bf5 7. Bd2 e6 
8. Nd5 Qd8 9. Nxf6+ gxf6 10. Bf4 Nd7 11. Qe2 Nb6 12. Bb3 Nd5 13. Bd2 Qc7 
14. Nh4 Bg6 15. Nxg6 hxg6 16. Bxd5 cxd5 17. Qb5+ Qd7 18. Qxd7+ Kxd7 19. Ke2 Bd6 
20. h3 Rh4 21. c3 g5 22. f3 Rah8 23. Be3 R4h5 24. Rhf1 f5 25. Rac1 b5 
26. b3 Rc8 27. Kd3 f4 28. Bd2 Rhh8 29. c4 bxc4+ 30. bxc4 dxc4+ 31. Rxc4 Rxc4 
32. Kxc4 Rc8+ 33. Kd3 Rc6 34. a4 Rb6 35. Rc1 Rb3+ 36. Rc3 Rb8 37. Rc2 Be7 
38. Bc3 Ba3 39. Ra2 Bc1 40. Kc2 Rc8 41. Kd3 Be3 42. Rb2 Kc6 43. Rb5 Rg8 
44. Rc5+ Kb7 45. Rb5+ Kc6 46. Rc5+ Kb7 47. Rb5+ 
1/2-1/2

[Event "34th Chess Olympiad (women)"]
[Site "Istanbul"]
[Date "2000.11.09"]
[Round "12.16.3"]
[White "Berzina, Ilze"]
[Black "Sommer, Sonja"]
[WhiteElo "2194"]
[BlackElo "2054"]
[WhiteCountry "LAT"]
[BlackCountry "AUT"]
[Result "1-0"]

1. e4 e5 2. Nf3 Nc6 3. Bb5 a6 4. Ba4 Nf6 5. O-O Be7 6. Re1 b5 7. Bb3 d6 8. c3
O-O 9. h3 Na5 10. Bc2 c5 11. d4 Qc7 12. d5 Bd7 13. b3 Nb7 14. Nbd2 g6 15. Nf1
Ne8 16. g4 Ng7 17. Ng3 f6 18. Kh2 Kh8 19. Rg1 Rf7 20. Bh6 Raf8 21. Qe2 Ra8 22.
Rg2 b4 23. c4 a5 24. a3 Qc8 25. a4 Qc7 26. Rag1 Rg8 27. Nh4 Qc8 28. Qf3 f5 29.
Nhxf5 gxf5 30. exf5 Ne8 31. Ne4 Qd8 32. Qe3 Bh4 33. f4 exf4 34. Bxf4 Re7 35.
Qd3 Bc8 36. Bc1 Rf8 37. Bb2+ Kg8 38. Rf1 Nf6 39. Nd2 Bg5 40. Bxf6 Bxf6 41. g5
Be5+ 42. Kh1 Ref7 43. f6 Qd7 44. g6 Rxf6 45. gxh7+ Kh8 46. Rfg1 Qf5 47. Rg8+
Kxh7 48. Rxf8 Rxf8 49. Qf3 Qxc2 50. Qh5# 1-0

[Event "34th Chess Olympiad (women)"]
[Site "Istanbul"]
[Date "2000.11.09"]
[Round "12.17.1"]
[White "Caoili, Arianne"]
[Black "Cmilyte, Viktorija"]
[WhiteElo "2113"]
[BlackElo "2335"]
[WhiteCountry "PHI"]
[BlackCountry "LTU"]
[Result "0-1"]

1. g3 f5 2. Bg2 g6 3. d4 Nf6 4. c4 Bg7 5. Nf3 O-O 6. Nc3 d6 7. O-O c6 8. d5 e5 
9. dxe6 Bxe6 10. Qd3 Re8 11. Ng5 Na6 12. Nxe6 Rxe6 13. Qc2 Qe7 14. e3 Ne4 
15. Ne2 Qf7 16. a3 Nac5 17. Rd1 a5 18. Nf4 Rf6 19. f3 Ng5 20. Bd2 a4 
21. Bc3 Nb3 22. Rab1 Qxc4 23. h4 Ne6 24. Bf1 Qc5 25. Qf2 Nxf4 26. Bxf6 Bxf6 
27. gxf4 Re8 28. Rd3 d5 29. Re1 Qe7 30. Qc2 Bxh4 31. Re2 Bf6 32. Kh1 Bg7 
33. Bh3 Nd4 34. Rxd4 Bxd4 35. Qxa4 Bxe3 36. Qb3 Kg7 37. Qc3+ d4 38. Qb3 Qh4 
39. Kg2 Qxf4 40. Qxb7+ Kh6 41. Qxc6 Qg5+ 42. Bg4 Re7 
0-1

[Event "34th Chess Olympiad (women)"]
[Site "Istanbul"]
[Date "2000.11.09"]
[Round "12.17.3"]
[White "Bernardo, Leah"]
[Black "Domarkaite, Laima"]
[WhiteElo "2000"]
[BlackElo "2187"]
[WhiteCountry "PHI"]
[BlackCountry "LTU"]
[Result "0-1"]

1. d4 Nf6 2. Bg5 e6 3. Nf3 c5 4. e3 b6 5. Nbd2 Nc6 6. c3 Be7 7. Bd3 Bb7 
8. Qc2 cxd4 9. exd4 Nd5 10. Ne4 Qc7 11. a3 h6 12. Bd2 Nf4 13. O-O-O Nxd3+ 
14. Qxd3 Na5 15. Kb1 Qc4 16. Qxc4 Bxe4+ 17. Ka1 Nxc4 18. Bf4 d5 19. Nd2 Nxd2 
20. Rxd2 g5 21. Be5 f6 22. Bg3 Bxg2 23. Re1 Kd7 24. Rde2 Bh3 25. c4 dxc4 
26. d5 e5 27. f4 gxf4 28. Bxf4 Bg4 29. Re4 Bf3 30. R4e3 e4 31. d6 Bxd6 
32. Rxf3 exf3 33. Rd1 Ke6 34. Rxd6+ Kf5 
0-1

[Event "34th Chess Olympiad (women)"]
[Site "Istanbul"]
[Date "2000.11.09"]
[Round "12.18.1"]
[White "Geldyeva, Mexnri"]
[Black "Khegai, Angela"]
[WhiteElo "2283"]
[BlackElo "2234"]
[WhiteCountry "TKM"]
[BlackCountry "UZB"]
[Result "1-0"]

1. d4 Nf6 2. c4 g6 3. Nc3 Bg7 4. e4 d6 5. h3 O-O 6. Bg5 c5 7. d5 Qa5 8. Qd2 a6 
9. a4 b5 10. cxb5 axb5 11. Bxb5 Ba6 12. f3 Bxb5 13. Nxb5 Nbd7 14. Ne2 Nb6 
15. Nec3 Qb4 16. Qc2 Rfb8 17. O-O h6 18. Be3 Nc4 19. Bc1 Nd7 20. Kh1 Na5 
21. Ra3 Ne5 22. Na2 Qc4 23. Qd1 f5 24. f4 Nd7 25. exf5 Nf6 26. Nac3 gxf5 
27. Re1 Rb7 28. b3 Qb4 29. Na2 Ne4 30. Kh2 Nf2 31. Qe2 Qe4 32. Qxf2 Qxd5 
33. Nac3 Qc6 34. Qc2 e5 35. Qxf5 Rf7 36. Qe6 exf4 37. Nd5 
1-0

[Event "34th Chess Olympiad (women)"]
[Site "Istanbul"]
[Date "2000.11.09"]
[Round "12.18.2"]
[White "Khamrakulova, Iroda"]
[Black "Atbashieva, Guldjahan"]
[WhiteElo "2177"]
[BlackElo "2243"]
[WhiteCountry "UZB"]
[BlackCountry "TKM"]
[Result "1-0"]

1. e4 d6 2. d4 Nd7 3. Nc3 c6 4. Be3 e5 5. Nf3 Be7 6. Be2 Ngf6 7. O-O O-O 
8. a4 Re8 9. Nd2 Qc7 10. f4 Nf8 11. dxe5 dxe5 12. f5 Bb4 13. Bd3 h5 14. h3 N8h7 
15. g4 g6 16. g5 Nd7 17. Bc4 Kg7 18. fxg6 fxg6 19. Rf7+ Kh8 20. Nf3 Re7 
21. Nh4 Ndf8 22. Qf3 Rxf7 23. Bxf7 Kg7 24. Rf1 Be6 25. Bxe6 Nxe6 26. Nxg6 Nef8 
27. Nh4 Qd7 28. Qxh5 Qe8 29. g6 Kh8 30. Rf7 Rd8 31. Rxh7+ Kg8 32. Rh8+ Kg7 
33. Qh6+ 
1-0

[Event "34th Chess Olympiad (women)"]
[Site "Istanbul"]
[Date "2000.11.09"]
[Round "12.18.3"]
[White "Ovezova, Maisa"]
[Black "Levushkina, E"]
[WhiteElo "2174"]
[BlackElo "2103"]
[WhiteCountry "TKM"]
[BlackCountry "UZB"]
[Result "1/2-1/2"]

1. d4 d5 2. e3 Nf6 3. Bd3 e6 4. Nd2 c5 5. c3 Bd6 6. f4 O-O 7. Ngf3 b6 
8. O-O Ba6 9. Bxa6 Nxa6 10. Ne5 Nc7 11. Rf3 Ne4 12. Rh3 f6 13. Nd3 g6 
14. Qe1 c4 15. Qh4 Rf7 16. Nf2 Nxd2 17. Ng4 Bf8 18. Bxd2 Ne8 19. Nf2 Nd6 
20. g4 f5 21. Qg3 Rg7 22. Kh1 b5 23. Rg1 a5 24. a3 Raa7 25. Qf3 Ne8 
26. Rhg3 Be7 27. g5 Bf8 28. h4 Nd6 29. h5 Nc8 30. Rh3 Nb6 31. Kg2 Na4 
32. Nd1 Rab7 33. Rgh1 Qc7 34. hxg6 Rxg6 35. Qh5 Qf7 36. Kf3 Rg7 37. Qh6 Qg6 
38. Qxg6 Rxg6 39. R1h2 Nb6 40. Nf2 Na4 41. Nd1 Rgg7 42. Rh6 Rg6 43. R6h3 Rgg7 
44. Rh6 Rge7 45. R6h4 Rb6 46. Rg2 Rg7 47. Rh6 Rg6 48. Rh3 Rg7 49. Rh6 Rgb7 
50. Rh1 b4 51. axb4 axb4 52. cxb4 Bxb4 53. Bxb4 Rxb4 54. Rhh2 Rb3 55. Rc2 Kg7 
56. Rhe2 R7b6 
1/2-1/2

[Event "34th Chess Olympiad (women)"]
[Site "Istanbul"]
[Date "2000.11.09"]
[Round "12.19.1"]
[White "Nepeina-Leconte, Maria"]
[Black "Grosar, Kiti"]
[WhiteElo "2289"]
[BlackElo "2223"]
[WhiteCountry "FRA"]
[BlackCountry "SLO"]
[Result "1-0"]

1. e4 c5 2. Nf3 d6 3. d4 cxd4 4. Nxd4 Nf6 5. Nc3 Nc6 6. Nb3 e6 7. g3 a6 
8. Bg2 Qc7 9. a4 b6 10. O-O Bb7 11. f4 Be7 12. g4 h6 13. Qe2 Rc8 14. Be3 Na5 
15. g5 hxg5 16. fxg5 Nd7 17. g6 f6 18. Nxa5 bxa5 19. Qg4 Qc4 20. Qg3 Qb4 
21. Bh3 Ne5 22. Ra3 Qc4 23. Rb3 Bxe4 24. Nxe4 Qxe4 25. Bxe6 Rd8 26. Bf5 Qxa4 
27. Rb7 Qh4 28. Bb6 Ra8 29. Bxa5 Rh5 30. Qxh4 Rxh4 31. Bc3 d5 32. Bxe5 fxe5 
33. Be6 Bf6 34. Rxf6 gxf6 35. g7 
1-0

[Event "34th Chess Olympiad (women)"]
[Site "Istanbul"]
[Date "2000.11.09"]
[Round "12.19.2"]
[White "Licina, Anita"]
[Black "Te-Lallemand, Rosa"]
[WhiteElo "2200"]
[BlackElo "2289"]
[WhiteCountry "SLO"]
[BlackCountry "FRA"]
[Result "1-0"]

1. e4 c5 2. Nf3 Nc6 3. d4 cxd4 4. Nxd4 Qc7 5. Be2 a6 6. Nc3 e6 7. O-O Nf6 
8. Kh1 Nxd4 9. Qxd4 Bc5 10. Qd3 b5 11. f4 h5 12. e5 Ng4 13. Ne4 Bb7 14. c3 Rc8 
15. Bxg4 hxg4 16. Nxc5 Qxc5 17. Qg3 f5 18. exf6 gxf6 19. f5 e5 20. Qxg4 Kf8 
21. Qg6 Rg8 22. Qxf6+ Ke8 23. Bg5 Rc6 24. Qd8+ Kf7 25. Qxd7+ Kf8 26. Qd8+ Kf7 
27. Qd7+ Kf8 28. Rad1 Bc8 29. Qh7 Rg7 30. Rd8+ Kf7 31. Qh5+ 
1-0

[Event "34th Chess Olympiad (women)"]
[Site "Istanbul"]
[Date "2000.11.09"]
[Round "12.19.3"]
[White "Muller, Anne"]
[Black "Mihevc Mohr, Narcisa"]
[WhiteElo "2135"]
[BlackElo "2170"]
[WhiteCountry "FRA"]
[BlackCountry "SLO"]
[Result "1/2-1/2"]

1. e4 c5 2. Nf3 e6 3. d4 cxd4 4. Nxd4 Nf6 5. Nc3 Nc6 6. Ndb5 d6 7. Bf4 e5 
8. Bg5 a6 9. Na3 b5 10. Nd5 Be7 11. Bxf6 Bxf6 12. c3 Ne7 13. Nxf6+ gxf6 
14. g3 Bb7 15. Bg2 d5 16. exd5 Bxd5 17. Bxd5 Qxd5 18. Qxd5 Nxd5 19. O-O-O Rd8 
20. Nc2 Ke7 21. Rhe1 Nb6 22. Nb4 Rxd1+ 23. Rxd1 Ra8 24. Kc2 Ke6 25. g4 h5 
26. h3 hxg4 27. hxg4 a5 28. Nd3 Rc8 29. Re1 Nd5 30. g5 Kf5 31. gxf6 e4 
32. Nc1 b4 33. Ne2 Nxf6 34. Kb3 bxc3 35. bxc3 Rc5 36. c4 Re5 37. Kc3 Ng4 
38. Kd4 Nxf2 39. Rf1 e3 40. c5 f6 41. Rc1 Ke6 42. Nc3 Kd7 43. c6+ Kxc6 
44. Ne4+ Kd7 45. Nxf6+ Ke6 46. Ne8 Re4+ 47. Kc3 Ke5 48. Nc7 Rd4 49. Re1 Ke4 
50. Nb5 Rd2 51. a3 Rd3+ 52. Kc2 Rd2+ 53. Kc3 Nd1+ 54. Kc4 Rc2+ 55. Kb3 Rb2+ 
56. Kc4 e2 57. Nd4 Ne3+ 58. Kc3 Nd1+ 59. Kc4 Ke3 60. Rxe2+ Rxe2 61. Nxe2 Kxe2 
62. Kb5 
1/2-1/2

[Event "34th Chess Olympiad (women)"]
[Site "Istanbul"]
[Date "2000.11.09"]
[Round "12.21.1"]
[White "Hagesaether, Ellen"]
[Black "Batceceg, Tuvshintogs"]
[WhiteElo "2044"]
[BlackElo "2237"]
[WhiteCountry "NOR"]
[BlackCountry "MGL"]
[Result "1-0"]

1. Nf3 c5 2. g3 Nc6 3. Bg2 g6 4. O-O Bg7 5. d3 d6 6. e4 e5 7. c3 Nge7 8. a3 a5 
9. a4 O-O 10. Na3 h6 11. Nb5 f5 12. exf5 Bxf5 13. d4 cxd4 14. cxd4 e4 
15. Nd2 d5 16. Nb3 Nb4 17. g4 Bc8 18. f3 exf3 19. Rxf3 Kh7 20. Rxf8 Qxf8 
21. Bd2 Nd3 22. Qe2 Nxb2 23. Rf1 Qd8 24. Bxa5 b6 25. Bxb6 Qxb6 26. Qxe7 Qb7 
27. Nc7 Qxb3 28. Ne8 
1-0

[Event "34th Chess Olympiad (women)"]
[Site "Istanbul"]
[Date "2000.11.09"]
[Round "12.21.2"]
[White "Mongontuul, Bathuyang"]
[Black "Berntsen, Sheila Barth"]
[WhiteElo "2110"]
[BlackElo "2094"]
[WhiteCountry "MGL"]
[BlackCountry "NOR"]
[Result "1-0"]

1. e4 c5 2. Nf3 Nc6 3. d4 cxd4 4. Nxd4 Nf6 5. Nc3 e5 6. Ndb5 d6 7. Nd5 Nxd5 
8. exd5 Nb8 9. c4 Be7 10. Be2 a6 11. Nc3 f5 12. O-O O-O 13. f4 Nd7 14. Kh1 Bf6 
15. Qc2 g6 16. b4 a5 17. Nb5 exf4 18. Rb1 Ne5 19. Bxf4 axb4 20. Rxb4 Ra6 
21. a4 Re8 22. c5 dxc5 23. Qxc5 Nd7 24. Qc2 Be5 25. Bxe5 Rxe5 26. Rc1 Nb6 
27. Nc7 Nxd5 28. Nxa6 Be6 29. Rxb7 Qg5 30. Bf3 Qe3 31. Rg1 
1-0

[Event "34th Chess Olympiad (women)"]
[Site "Istanbul"]
[Date "2000.11.09"]
[Round "12.21.3"]
[White "Johnsen, Sylvia"]
[Black "Anhchimeg, Bayanmonh"]
[WhiteElo "2049"]
[BlackElo "2139"]
[WhiteCountry "NOR"]
[BlackCountry "MGL"]
[Result "0-1"]

1. c4 e5 2. Nc3 Nf6 3. g3 Bb4 4. Qc2 Nc6 5. e3 O-O 6. Bg2 Re8 7. Nge2 Bxc3 
8. Nxc3 Qe7 9. d3 d6 10. O-O Bf5 11. a3 Qe6 12. Nd5 Rac8 13. b4 Nd7 14. Rd1 Bh3 
15. Bh1 Nd8 16. b5 c6 17. bxc6 bxc6 18. Nb4 a5 19. Na2 Nc5 20. a4 Qf5 
21. e4 Qf6 22. Be3 Nde6 23. Nc3 Ng5 24. f4 Nge6 25. Ne2 Bg4 26. Rf1 Bxe2 
27. Qxe2 exf4 28. gxf4 Rb8 29. Ra2 Rb3 30. e5 Qg6+ 31. Bg2 f5 32. exd6 Nd4 
33. Bxd4 Rxe2 34. Rxe2 Qxd6 35. Be5 Qxd3 36. Ree1 Ne4 37. Bd6 
0-1

[Event "34th Chess Olympiad (women)"]
[Site "Istanbul"]
[Date "2000.11.09"]
[Round "12.22.1"]
[White "Medic, Mirjana"]
[Black "Koskoska, Gabriela"]
[WhiteElo "2294"]
[BlackElo "2219"]
[WhiteCountry "CRO"]
[BlackCountry "FRM"]
[Result "1/2-1/2"]

1. Nf3 d6 2. d4 Bg4 3. c4 Bxf3 4. exf3 e6 5. Qb3 Qc8 6. Be3 Nf6 7. Nc3 Be7 
8. Be2 O-O 9. Rd1 Nbd7 10. f4 c6 11. Qc2 d5 12. c5 g6 13. g4 Ne8 14. Bd3 f5 
15. g5 b6 16. b4 a5 17. a3 Kf7 18. h4 Ng7 19. Be2 Rh8 20. h5 axb4 21. axb4 gxh5 
22. Bxh5+ Nxh5 23. Rxh5 Qa6 24. Qe2 Qxe2+ 25. Kxe2 b5 26. Kd3 Kg7 27. Rh6 Nf8 
28. Bd2 Ng6 29. Re1 Kf7 30. Reh1 Kg7 31. Re1 Kf7 32. Reh1 
1/2-1/2

[Event "34th Chess Olympiad (women)"]
[Site "Istanbul"]
[Date "2000.11.09"]
[Round "12.22.2"]
[White "Sekulovska, Vesna"]
[Black "Macek, Vlasta"]
[WhiteElo "2120"]
[BlackElo "2277"]
[WhiteCountry "FRM"]
[BlackCountry "CRO"]
[Result "1-0"]

1. d4 d5 2. c4 c6 3. cxd5 cxd5 4. Bf4 a6 5. Nc3 Nf6 6. e3 e6 7. Rc1 Nc6 
8. Bd3 Be7 9. h3 O-O 10. Nf3 Bd7 11. O-O b5 12. Ne5 Qb6 13. Nxd7 Nxd7 
14. Qe2 Nf6 15. g4 Rfc8 16. g5 Ne8 17. Qg4 Bd6 18. h4 Qb8 19. Ne2 g6 20. h5 Ng7 
21. hxg6 hxg6 22. Bxd6 Qxd6 23. Nf4 Ne7 24. Kg2 Kf8 25. Qh4 Nef5 26. Bxf5 
1-0

[Event "34th Chess Olympiad (women)"]
[Site "Istanbul"]
[Date "2000.11.09"]
[Round "12.22.3"]
[White "Bazaj-Bockai, Snjezana"]
[Black "Janevska, Aleksandra"]
[WhiteElo "2162"]
[BlackElo "2020"]
[WhiteCountry "CRO"]
[BlackCountry "FRM"]
[Result "1/2-1/2"]

1. e4 e5 2. Nf3 Nc6 3. Bb5 Nf6 4. O-O Bc5 5. Nxe5 Nxe5 6. d4 a6 7. Ba4 Be7 
8. dxe5 Nxe4 9. Re1 Nc5 10. c3 Nxa4 11. Qxa4 O-O 12. Bf4 d5 13. exd6 Bxd6 
14. Bxd6 Qxd6 15. Na3 Be6 16. Nc2 Rad8 17. Nd4 Bd7 18. Qc2 Rfe8 19. h3 
1/2-1/2

[Event "34th Chess Olympiad (women)"]
[Site "Istanbul"]
[Date "2000.11.09"]
[Round "12.24.1"]
[White "Paasikangas-Tella, Johanna"]
[Black "Mateus, Martha"]
[WhiteElo "2301"]
[BlackElo "2318"]
[WhiteCountry "FIN"]
[BlackCountry "COL"]
[Result "1-0"]

1. d4 d5 2. Nf3 Nf6 3. c4 e6 4. Nc3 c6 5. Bg5 h6 6. Bh4 dxc4 7. a4 Bb4 8. e3 b5 
9. Nd2 g5 10. Bg3 Qb6 11. axb5 Bxc3 12. bxc3 cxb5 13. Qf3 Nd5 14. Bxc4 bxc4 
15. Nxc4 Qc6 16. Nd6+ Kd7 17. Qxf7+ Ne7 18. O-O Na6 19. e4 Nc7 20. c4 Ba6 
21. d5 exd5 22. cxd5 Qc5 23. Rfc1 Qb4 24. Nf5 Bc4 25. Rxc4 
1-0

[Event "34th Chess Olympiad (women)"]
[Site "Istanbul"]
[Date "2000.11.09"]
[Round "12.24.2"]
[White "Palao, Maricela"]
[Black "Puuska, Heini"]
[WhiteElo "2159"]
[BlackElo "2023"]
[WhiteCountry "COL"]
[BlackCountry "FIN"]
[Result "1/2-1/2"]

1. d4 Nf6 2. c4 e6 3. Nc3 Bb4 4. e3 Bxc3+ 5. bxc3 b6 6. Bd3 Bb7 7. f3 O-O 
8. Ne2 Nc6 9. O-O Na5 10. Rb1 Ba6 11. c5 Bxd3 12. Qxd3 bxc5 13. Qa6 Nc6 
14. Ba3 Qc8 15. Qa4 Nd5 16. e4 Nb6 17. Qc2 Nc4 18. Bxc5 d6 19. Qd3 Qa6 
20. Bb4 Nxb4 21. cxb4 d5 22. Nc3 c6 23. a4 Qb6 24. a5 Qd8 25. Na4 Qg5 
26. f4 Qg6 27. Nc5 Rfd8 28. Qe2 Rab8 29. Rb3 Rb5 30. f5 exf5 31. exf5 Qf6 
32. Kh1 Rbb8 33. Qf2 h6 34. Qf4 Qg5 35. Qc7 Ne3 36. Rf2 Ng4 37. Rf1 Ne3 
1/2-1/2

[Event "34th Chess Olympiad (women)"]
[Site "Istanbul"]
[Date "2000.11.09"]
[Round "12.24.3"]
[White "Ristoja, Aulikki"]
[Black "Pulido, Denise"]
[WhiteElo "2000"]
[BlackElo "2000"]
[WhiteCountry "FIN"]
[BlackCountry "COL"]
[Result "0-1"]

1. d4 Nf6 2. Nf3 g6 3. c4 c6 4. Nc3 Bg7 5. e4 d6 6. Be2 O-O 7. Bg5 Re8 
8. Qd2 Nbd7 9. Bh6 e5 10. dxe5 dxe5 11. O-O-O Qb6 12. Be3 Qc7 13. h3 Nb6 
14. c5 Nbd7 15. Qd6 Qa5 16. Qd3 Nxc5 17. Qc4 Bf8 18. Bxc5 Qxc5 19. Ng5 Be6 
20. Nxe6 Rxe6 21. f3 Ree8 22. Qb3 b5 23. Kb1 a5 24. Rc1 Qa7 25. Qc2 Bh6 
26. Rce1 Red8 27. Nd1 b4 28. g4 a4 29. Bc4 a3 30. Qb3 Rd2 31. h4 Bf8 
32. h5 axb2 33. hxg6 hxg6 34. Nxb2 Qc7 35. Bxf7+ Qxf7 36. Rh8+ Kg7 
37. Qxf7+ Kxf7 38. Reh1 Rad8 39. Nc4 Rd1+ 40. Rxd1 Rxd1+ 41. Kc2 Rf1 
42. Nxe5+ Kg7 43. Rh3 c5 44. Kb3 Rc1 45. g5 Rc3+ 46. Kb2 Nh5 47. Nd7 Nf4 
48. Rg3 Nd3+ 
0-1